000 00479nam a2200181Ia 4500
005 20250326124932.0
008 250326s9999 xx 000 0 und d
037 _aTextbook
040 _aFMSL
_beng
_cFMSL
041 _aeng
_2eng
084 _aX:8D M04
_qFMSL
100 _aBierman H
_9319819
245 0 _aStrategic ficial planning
_cBierman H
260 _aLondon
_bLondon, Free
_c1980
300 _a231p
942 _cTB
_hX:8D M04
999 _c1275828
_d1275828